01243cam a22003015a 45000010009000000050017000090080041000260100017000670200018000840400085001020820019001872450096002062600054003023000033003565000024003895040031004136500035004446500057004796510010005366530024005466550024005707000030005947000031006249420008006559990017006639520129006809520132008091814372320151026123101.0140508t2014 stka frb 001 0 eng d a 2013481675 a9780748643486 aUKMGBbengcUKMGBdOCLCOdBDXdCDXdYDXCPdOCLCOdEUXdLTSCAdZCUdDLCdEG-ScBUE04a321.8bDEL22200aDeliberative democracy :bissues and cases /cedited by Stephen Elstub and Peter McLaverty. aEdinburgh :bEdinburgh University Press,cc.2014. axi, 227 p. :bill. ;c24 cm. aIndex : p. 221-227. aBibliography : p. 196-220. 0aDeliberative democracy.2BUEsh 0aRepresentative government and representation.2BUEsh 2BUEsh bBUSBOLcOctober2015 vReading book9342321 aElstub, Stephen,eeditor.1 aMclaverty, Peter,eeditor. 2ddc c20984d20956 00102ddc40708BaccahaMAINbMAINc1STd2015-10-26ePurchasel2o321.8 DELp000031165r2025-07-15 00:00:00s2016-10-30yBB 00102ddc40708BaccahaMAINbMAINc1STd2015-10-26ePurchasel4m8o321.8 DELp000031164r2025-07-15 00:00:00s2017-08-30yBB